European days of local solidarity : #LocalSolidarityDays : 15-30 novembre 2022 #LocalSolidarityDays : 15-30 novembre 2022
Descripción Física:
1 punt de llibre ; il·lustrat ; color ; 6 x 21 cm
Idioma:
Catalán
MARC
| LEADER | 00000nrm a22000007a 4500 | ||
|---|---|---|---|
| 001 | 27674 | ||
| 003 | Arxiu | ||
| 005 | 20260324181513.0 | ||
| 008 | 230411b spa||||| |||| 00| 0 cat d | ||
| 017 | |b B 18631-2022 | ||
| 040 | |a agdb |b cat | ||
| 245 | |a European days of local solidarity : |b #LocalSolidarityDays : 15-30 novembre 2022 | ||
| 260 | |a Barcelona : |b Diputació de Barcelona. Xarxa de Biblioteques Municipals ; |c 2022 | ||
| 300 | |a 1 punt de llibre ; |b il·lustrat ; color ; |c 6 x 21 cm | ||
| 650 | 0 | |2 Arxiu |9 45802 |a Cooperació europea | |
| 650 | 0 | |9 34286 |a Administració local | |
| 655 | 0 | |9 52700 |a Punts de llibre | |
| 710 | 1 | |a Barcelona (Catalunya : Província). |b Diputació |9 52408 | |
| 710 | 2 | |a Plataforma (Acció Internacional Local i Regional) |9 56168 | |
| 710 | |9 9344 |a Unió Europea | ||
| 942 | |2 udc |c ARXIU |n 1 | ||
| 952 | |0 0 |1 0 |2 udc |4 0 |6 NBM1714 |7 1 |9 66042 |a Arxiu |b Arxiu |d 2023-04-11 |l 0 |o NBM-17-14 |p 27674 |r 2023-04-11 00:00:00 |w 2023-04-11 |y ARXIU | ||
| 999 | |c 83332 |d 83332 | ||